|
|
|
|
| LEADER |
00000nam0a2200000 4500 |
| 001 |
361958 |
| 005 |
20231102011436.0 |
| 035 |
|
|
|a (RuTPU)RU\TPU\retro\19304
|
| 090 |
|
|
|a 361958
|
| 100 |
|
|
|a 20210708d1980 km y0rusy50 ca
|
| 101 |
1 |
|
|a rus
|c eng
|
| 102 |
|
|
|a RU
|
| 105 |
|
|
|a a z 001zy
|
| 200 |
1 |
|
|a Интерполяционные пространства. Введение
|e пер. с англ.
|f Й. Берг, Й. Лёфстрём
|
| 210 |
|
|
|a Москва
|c Мир
|d 1980
|
| 215 |
|
|
|a 264 с.
|c ил.
|
| 320 |
|
|
|a Библиогр.: с. 247-257
|
| 320 |
|
|
|a Именной указатель: с. 258-259
|
| 320 |
|
|
|a Предметный указатель: с. 260-261
|
| 606 |
1 |
|
|a Пространства банаховы
|2 stltpush
|3 (RuTPU)RU\TPU\subj\52817
|9 71214
|
| 610 |
1 |
|
|a классические теоремы
|
| 610 |
1 |
|
|a интерполяционные пространства
|
| 610 |
1 |
|
|a метод вещественной интерполяции
|
| 610 |
1 |
|
|a метод комплексной интерполяции
|
| 610 |
1 |
|
|a пространства Соболева
|
| 610 |
1 |
|
|a пространства Бесова
|
| 610 |
1 |
|
|a аппроксимация
|
| 675 |
|
|
|a 517.982
|v 4
|
| 700 |
|
1 |
|a Берг
|b Й.
|g Йоран
|
| 701 |
|
1 |
|a Лёфстрём
|b Й.
|g Йорген
|
| 801 |
|
1 |
|a RU
|b 63413507
|c 20210708
|
| 942 |
|
|
|c BK
|